| 000 | 00906cam a2200217 4500 | ||
|---|---|---|---|
| 001 | C60950 | ||
| 008 | 000000n2000 000 0 eng u | ||
| 035 | _a(Sirsi) u104819 | ||
| 041 | _aeng | ||
| 050 | _a692.9 | ||
| 110 |
_aJoint Contracts Tribunal _93664 |
||
| 245 | _aStandard form of building contract 1998 edition private versions with and without quantites optional clause 30.4A issued January 2000. Contractor's bond in lieu of retention. | ||
| 260 |
_aLondon _bRIBA Publications _c2000 |
||
| 300 | _a8p. ; 30cm. | ||
| 650 | _aBUILT ENVIRONMENT-BUILDING CONTRACT FORMS | ||
| 650 | _aJCT STANDARD FORM OF BUILDING CONTRACT (1998 EDITION) | ||
| 650 | _aSTANDARD FORM OF BUILDING CONTRACT 1998 | ||
| 650 | _aBUILT ENVIRONMENT-BUILDING CONTRACT FORMS-STANDARD FORMS OF BUILDING CONTRACT-JOINT CONTRACTS TRIBNUAL CONTRACTS | ||
| 690 | _aBUILT ENVIRONMENT-BUILDING CONTRACT FORMS | ||
| 942 | _n0 | ||
| 999 |
_c100293 _d100293 |
||